Modes of illusion in the plays of Edward Albee / (Record no. 84028)

MARC details
000 -LEADER
fixed length control field 00475nam a22001697a 4500
005 - DATE AND TIME OF LATEST TRANSACTION
control field 20140708120623.0
010 ## - LCCN (DPL NO)
LC control number ENG-109868
020 ## - INTERNATIONAL STANDARD BOOK NUMBER
Terms of availability 300.00
International Standard Book Number 9788181579256
035 ## - SYSTEM CONTROL NUMBER
System control number EN-93401
037 ## - SOURCE OF ACQUISITION
Source of stock number/acquisition DBAD/PUB
100 ## - MAIN ENTRY--PERSONAL NAME
Personal name Gomez, Daphne
245 00 - TITLE STATEMENT
Title Modes of illusion in the plays of Edward Albee /
Statement of responsibility, etc by Daphne Gomez
260 ## - PUBLICATION, DISTRIBUTION, ETC. (IMPRINT)
Place of publication, distribution, etc Calcatta
Name of publisher, distributor, etc Writers Workshop
Date of publication, distribution, etc 2009
270 ## - ADDRESS
Address 162/92 Lake Gardens
City Calcutta
Postal code 700045
300 ## - PHYSICAL DESCRIPTION
Extent 249p.
Dimensions 22cm(Hb)
942 ## - ADDED ENTRY ELEMENTS (KOHA)
Source of classification or shelving scheme Dewey Decimal Classification
Item type English Books
Call number suffix GOM
Holdings
Withdrawn status Lost status Not for loan Collection code Home library Current library Date acquired Source of acquisition Cost, normal purchase price Full call number Barcode Copy number Cost, replacement price Koha item type
    Not For Loan Non-fiction D.B.Act.Division D.B.Act.Division 07/05/2014 DBAD / PUB 300.00 GOM EN-93401 1 300.00 English Books

© Delhi Public Library
Hit Counter
free hit counter